000 00584nam a22001817a 4500
999 _c194509
_d194509
005 20221227110736.0
010 _aENG-135947
020 _a9789354793981
_c550.00
035 _aEN-119479
037 _bDBAD/PUB
082 _a305.2
100 _aKaralay, Gangadhar
245 _aSociology of Ageing/
_cGangadhar Karalay
260 _aNew Delhi
_bSage Publication India Pvt Ltd
_c2022
270 _aB-1/I-I Mohan Cooperative Industrial Area Mathura Road
_bNew Delhi
_e110044
300 _axix, 245p.
_bReferences, Index
_c24cm(pbk)
942 _2ddc
_cEN
_mKAR
_h305.2